<?xml version="1.0" encoding="UTF-8"?>
<record
    xmlns:xsi="http://www.w3.org/2001/XMLSchema-instance"
    xsi:schemaLocation="http://www.loc.gov/MARC21/slim http://www.loc.gov/standards/marcxml/schema/MARC21slim.xsd"
    xmlns="http://www.loc.gov/MARC21/slim">

  <leader>04615njm a2200541Ia 4500</leader>
  <controlfield tag="001">D9251</controlfield>
  <controlfield tag="003">IT-RoPAU</controlfield>
  <controlfield tag="005">20220918181114.0</controlfield>
  <controlfield tag="008">131025s9999    xx            000 0 und d</controlfield>
  <datafield tag="040" ind1=" " ind2=" ">
    <subfield code="a">IT-RoPAU</subfield>
  </datafield>
  <datafield tag="040" ind1=" " ind2=" ">
    <subfield code="c">IT-RoPAU</subfield>
  </datafield>
  <datafield tag="999" ind1=" " ind2=" ">
    <subfield code="c">99266</subfield>
    <subfield code="d">99266</subfield>
  </datafield>
  <datafield tag="999" ind1=" " ind2=" ">
    <subfield code="b">n.d.</subfield>
  </datafield>
  <datafield tag="100" ind1=" " ind2=" ">
    <subfield code="a">AA.VV.</subfield>
    <subfield code="9">794</subfield>
  </datafield>
  <datafield tag="100" ind1=" " ind2=" ">
    <subfield code="e">Autore musica</subfield>
    <subfield code="9">31225</subfield>
  </datafield>
  <datafield tag="100" ind1=" " ind2=" ">
    <subfield code="g">Codice autore musica SPICS: 12000</subfield>
    <subfield code="9">796</subfield>
  </datafield>
  <datafield tag="245" ind1=" " ind2=" ">
    <subfield code="a">Verona jazz</subfield>
  </datafield>
  <datafield tag="250" ind1=" " ind2=" ">
    <subfield code="a">2a ed.</subfield>
  </datafield>
  <datafield tag="260" ind1=" " ind2=" ">
    <subfield code="a">MILANO</subfield>
  </datafield>
  <datafield tag="260" ind1=" " ind2=" ">
    <subfield code="b">RUSCONI</subfield>
    <subfield code="c">1996 [1a Ed.:]</subfield>
  </datafield>
  <datafield tag="300" ind1=" " ind2=" ">
    <subfield code="a">COMPACT DISC</subfield>
  </datafield>
  <datafield tag="300" ind1=" " ind2=" ">
    <subfield code="c">75 minuti (Testo:  pag.)</subfield>
  </datafield>
  <datafield tag="500" ind1=" " ind2=" ">
    <subfield code="a">Musica jazz. Cd fuori commercio allegato al n. 6 1996 della rivista "Musica jazz".</subfield>
  </datafield>
  <datafield tag="505" ind1=" " ind2=" ">
    <subfield code="a">For Cecil Taylor [(Verona, 6 giugno 1980) (6:00)] - Who Can I Turn To [(Verona, 1 luglio 1986) (4:00)] - Tripping [(Verona, 2 luglio 1986) (4:00)] - Skies of America: Opening Theme tutti [(Verona, 27 giugno 1987) (12:00)] - Happy Go Lucky Local [(Verona, 28 giugno 1987) (7:00)] - Poverty [(Verona, 27 giugno 1988) (5:00)] - My Funny Valentine [(Verona, 24 giugno 1989) (6:00)] - Tuskegee Strutters Ball [(Verona, 22 giugno 1991) (9:00)] - What I Fell Fast (Verona, 1 luglio 1993) - Nature Boy (Verona, 1 luglio 1993) - Long Goodbye [(Verona, 26 giugno 1994) (7:00)]</subfield>
  </datafield>
  <datafield tag="511" ind1=" " ind2=" ">
    <subfield code="a">Brooks Art: tr; Haynes Steve: tr; Horenstein Steve: ten; Dixon Bill: p; Silva Alan: cb; Waits Freddie: batt; Bill Dixon Septette</subfield>
  </datafield>
  <datafield tag="511" ind1=" " ind2=" ">
    <subfield code="a">Brashear Oscar: tr; Borrows Ron: tr; Price Mike: tr; Miller Will: tr; Green Thurma: trne; Brown Garnett: trne; Cooper Buster: trne; Spears Maurice: trne; Richardson Jerome: alto, fl; De Vega Hank: alto; Land Harold: ten; Hogan Roger: ten; Stevens John: bar; Leviev Milcho: p; Wilson Anthony: chit; Gilbert Stanley: cb; Humphrey Paul: batt; Wilson Gerald: dir; Gerald Wilson Orchestra of the 80S</subfield>
  </datafield>
  <datafield tag="511" ind1=" " ind2=" ">
    <subfield code="a">Jordan Clifford: ten; Hill Anmdrew: p; Reid Rufus: cb; Riley Ben: batt; Andrew Hill Quartet</subfield>
  </datafield>
  <datafield tag="511" ind1=" " ind2=" ">
    <subfield code="a">Coleman Ornette: alto; Nix Bern: chit; Ellerbee Charlie: chit; Mcdowell Al: b el; Walker Chris: b el; Westor Calvin: batt; Coleman Denardo: batt; Orchestra Sinfonica Dellarena di Verona diretta da John Giordano; Ornette Coleman &amp; Prime Time</subfield>
  </datafield>
  <datafield tag="511" ind1=" " ind2=" ">
    <subfield code="a">Kristall Marty: ten; Banks Brenton: viol; Kurnick John: mand; Neidlinger Buell: cb; Osborne Billy: batt; Strinjazz</subfield>
  </datafield>
  <datafield tag="511" ind1=" " ind2=" ">
    <subfield code="a">Zorn John: alto; Horvitz Wayne: p, tast; Emanuel Carol: arpa; Frith Fred: chit; Dresser Mark: cb; Previte Bobby: batt; Baptista Cyro: perc; Marclay Christian: giradischi; John Zorn, la musica di Ennio Morricone</subfield>
  </datafield>
  <datafield tag="511" ind1=" " ind2=" ">
    <subfield code="a">Collette Buddy: fl; Pisano John: chit; Katz Fred: cello; Smith Carson: cb; Hamilton Chico: batt; The Original Chico Hamilton Quintet</subfield>
  </datafield>
  <datafield tag="511" ind1=" " ind2=" ">
    <subfield code="a">Byron Don: cl; Frisell Bill: chit; Davis Kenny: cb; Peterson Ralph: batt; Don Byron Quartet</subfield>
  </datafield>
  <datafield tag="511" ind1=" " ind2=" ">
    <subfield code="a">Lateef Yusef: ten, fl; Jones Ralph: fl; Allen Susan: arpa; Rudolph Adam: perc; Adam Rudolphs Moving Pictures With Yusef Lateef</subfield>
  </datafield>
  <datafield tag="511" ind1=" " ind2=" ">
    <subfield code="a">Deane J.A.: trne, strumenti elettronici; Arcari Mario: oboe; Melford Myra: p; Fassi Riccardo: p; Parkins Zeena: arpa; Carrott Brian: vib; Ross Brandon: chit; Montalto Stefano: viola; Altenburger Martine: cello; Schutz Marin: cello; Le Quan Ninh: perc; Morris Lawrence "Butch": dir; Lawrence "Butch" Morris Conduction n. 43, "The Cloth"</subfield>
  </datafield>
  <datafield tag="650" ind1=" " ind2=" ">
    <subfield code="a">JAZZ [COMPACT DISC]</subfield>
    <subfield code="e">Codice MATERIA SPICS: 9949</subfield>
    <subfield code="9">11822</subfield>
  </datafield>
  <datafield tag="700" ind1=" " ind2=" ">
    <subfield code="a">Dixon Bill</subfield>
    <subfield code="d">Codice autore musica SPICS: 46628</subfield>
    <subfield code="e">Autore musica</subfield>
    <subfield code="p">For Cecil Taylor</subfield>
    <subfield code="9">31226</subfield>
  </datafield>
  <datafield tag="700" ind1=" " ind2=" ">
    <subfield code="a">Bricusse Leslie</subfield>
    <subfield code="d">Codice autore musica SPICS: 46632</subfield>
    <subfield code="e">Autore musica</subfield>
    <subfield code="p">Who Can I Turn To</subfield>
    <subfield code="9">31227</subfield>
  </datafield>
  <datafield tag="700" ind1=" " ind2=" ">
    <subfield code="a">Newley Anthony</subfield>
    <subfield code="d">Codice autore SPICS: 46633</subfield>
    <subfield code="e">Autore</subfield>
    <subfield code="p">Who Can I Turn To</subfield>
    <subfield code="9">31228</subfield>
  </datafield>
  <datafield tag="700" ind1=" " ind2=" ">
    <subfield code="a">Hill Andrew</subfield>
    <subfield code="d">Codice autore musica SPICS: 46634</subfield>
    <subfield code="e">Autore musica</subfield>
    <subfield code="p">Tripping</subfield>
    <subfield code="9">31229</subfield>
  </datafield>
  <datafield tag="700" ind1=" " ind2=" ">
    <subfield code="a">Coleman Ornette</subfield>
    <subfield code="d">Codice autore musica SPICS: 10832</subfield>
    <subfield code="e">Autore musica</subfield>
    <subfield code="p">Skies of America: Opening Theme</subfield>
    <subfield code="9">31230</subfield>
  </datafield>
  <datafield tag="700" ind1=" " ind2=" ">
    <subfield code="a">Ellington Duke</subfield>
    <subfield code="d">Codice autore musica SPICS: 13023</subfield>
    <subfield code="e">Autore musica</subfield>
    <subfield code="p">Happy Go Lucky Local</subfield>
    <subfield code="9">31231</subfield>
  </datafield>
  <datafield tag="700" ind1=" " ind2=" ">
    <subfield code="a">Morricone Ennio</subfield>
    <subfield code="d">Codice autore musica SPICS:  3535</subfield>
    <subfield code="e">Autore musica</subfield>
    <subfield code="p">Poverty</subfield>
    <subfield code="9">31232</subfield>
  </datafield>
  <datafield tag="700" ind1=" " ind2=" ">
    <subfield code="a">Rodgers Richard</subfield>
    <subfield code="d">Codice autore musica SPICS: 11120</subfield>
    <subfield code="e">Autore musica</subfield>
    <subfield code="p">My Funny Valentine</subfield>
    <subfield code="9">31233</subfield>
  </datafield>
  <datafield tag="700" ind1=" " ind2=" ">
    <subfield code="a">Byron Don</subfield>
    <subfield code="d">Codice autore musica SPICS: 46635</subfield>
    <subfield code="e">Autore musica</subfield>
    <subfield code="p">Tuskegee Strutters Ball</subfield>
    <subfield code="9">31234</subfield>
  </datafield>
  <datafield tag="700" ind1=" " ind2=" ">
    <subfield code="a">Rudolph Alan</subfield>
    <subfield code="d">Codice autore musica SPICS: 32787</subfield>
    <subfield code="e">Autore musica</subfield>
    <subfield code="p">What I Fell Fast</subfield>
    <subfield code="9">31235</subfield>
  </datafield>
  <datafield tag="700" ind1=" " ind2=" ">
    <subfield code="a">Ahbez Eden</subfield>
    <subfield code="d">Codice autore musica SPICS: 46636</subfield>
    <subfield code="e">Autore musica</subfield>
    <subfield code="p">Nature Boy</subfield>
    <subfield code="9">31236</subfield>
  </datafield>
  <datafield tag="700" ind1=" " ind2=" ">
    <subfield code="a">Morris Lawrence "Butch"</subfield>
    <subfield code="d">Codice autore musica SPICS: 46638</subfield>
    <subfield code="e">Autore musica</subfield>
    <subfield code="p">Long Goodbye</subfield>
    <subfield code="9">31237</subfield>
  </datafield>
  <datafield tag="942" ind1=" " ind2=" ">
    <subfield code="c">CD</subfield>
    <subfield code="2">ddc</subfield>
  </datafield>
  <datafield tag="952" ind1=" " ind2=" ">
    <subfield code="0">0</subfield>
    <subfield code="1">0</subfield>
    <subfield code="4">0</subfield>
    <subfield code="6">D_9251_000000000000000</subfield>
    <subfield code="7">1</subfield>
    <subfield code="a">SPICS</subfield>
    <subfield code="b">SPICS</subfield>
    <subfield code="d">2013-10-25</subfield>
    <subfield code="l">0</subfield>
    <subfield code="o">D9251</subfield>
    <subfield code="r">2013-10-25 00:00:00</subfield>
    <subfield code="w">2013-10-25</subfield>
    <subfield code="y">CD</subfield>
    <subfield code="z">Progr. Ins.: 2231 / N.Vol.: 1 / Copie: 1 - Copia rara: n.d. / date import: 01.01.2014 - By Epidotti, Trombetti, Vaglietti</subfield>
  </datafield>
</record>
